| 000 | 00476nam a2200181Ia 4500 | ||
|---|---|---|---|
| 008 | 180921t2015 xxu||||| |||| 00| 0 sin d | ||
| 041 | _asin | ||
| 080 |
_a8S2 _bSHA |
||
| 100 | _aShakespeare, William | ||
| 245 | _aවැනිසියේ වෙළෙන්දා | ||
| 246 | _aWanisiye Welenda | ||
| 260 |
_bGodage _aColombo _c2015 |
||
| 300 | _b128p, 23cm | ||
| 700 |
_aBanadaula Withana _etr. |
||
| 942 | _cBK | ||
| 999 |
_c5082 _d5082 |
||
| 003 | LK-CoDNM | ||
| 040 |
_aLK-CoDNM _dLK-CoDNM _eLK-CoDNM |
||